Stranger Things Trivia #QUXYZ - Statistics

General Stats
  • This quiz has been taken 37 times
  • The average score is 11 of 20
Answer Stats
Hint Starting Letter Answer % Correct
Will Byers and Robin Buckley are the only __ main protagonists Q Queer
93%
Bridge between the real World and the Abyss, previously seen a its own dimension U Upside Down
93%
Where Suzie lives (broadly) U Utah
85%
Russian smuggler Y Yuri
81%
What Will mockingly gets called after "coming back from the dead" Z Zombie Boy
78%
Murray yells at Hopper and Joyce to stop their lovers __ Q Quarrel
67%
Where Wills body is found Q Quarry
67%
The Hellfire club is Named after the Hellfire Club from this comic X X-Men
67%
Max says that she could be the partys __ Z Zoomer
59%
The silver cat feeds when blue meets __ __ __ __ __. A trip to China sounds nice if you tread lightly. The week is long Y Yellow in the west
56%
During the crawls, Hopper clears different __ in the search for Vecna Z Zones
56%
Robin keeps track of Steves flirting attempts on a white board, the conclusion is "__ __" Y You Suck
52%
Hawkins is put into __ by the military after Season 4 Q Quarantine
48%
Abbreviation of the country antagonists from Season 3 and 4 are from U USSR
48%
Argyle plays with this toy Y Yo-Yo
44%
Are totally real according to Robin, Bigfoot she is still on the fence about though U Ufos
33%
Stuck in the secret russian base. Dustin radios for help to no avail as Steve joins him on top of the elevator to __ U urinate
33%
Dustin has the medical condition, Cleidocranial Dysplasia, which means his _____ haven't developed properly U upper teeth
15%
Russian doctor, injecting Steve and Robin truth serum Z Zharkov
7%
His business' name Y Yuris Fish n Fly
4%
No matching quizzes found
Score Distribution
Percent of People with Each Score
Percentile by Number Answered
Your Score History
You have not taken this quiz